| 000 | 00470nam a2200169 i 4500 | ||
|---|---|---|---|
| 001 | bg | ||
| 245 | 0 | _aCurrent issues in expert systems. | |
| 260 |
_aLondon : _bAcademic Press, _c1987. |
||
| 490 | 1 | _aInternational Lecture Series in Computer Science | |
| 650 | 9 | _aSystemy ekspertowe | |
| 830 | _aInternational Lecture Series in Computer Science | ||
| 040 | _cBPK | ||
| 041 | _apol | ||
| 080 | _a004.891 | ||
| 942 | _cKS | ||
| 008 | s pl f |000 0 pol | ||
| 999 |
_c28858 _d28858 |
||
| 856 |
_uhttp://koha.tu.koszalin.pl/cgi-bin/koha/opac-detail.pl?biblionumber=28858 _yKatalog online BPK |
||